[Event "BCF-ch"]
[Site "Dundee"]
[Date "1993.??.??"]
[Round "10"]
[White "Cooper, Lawrence"]
[Black "Rossiter, Philip J"]
[Result "1/2-1/2"]
[WhiteElo "2310"]
[BlackElo "2330"]
[PlyCount "45"]
[EventDate "1993.08.??"]
[EventType "swiss"]
[EventRounds "11"]
[EventCountry "SCO"]
[SourceTitle "TD"]
[Source "ChessBase"]
[SourceDate "1994.03.01"]
[SourceVersion "1"]
[SourceVersionDate "1994.03.01"]
[SourceQuality "1"]

1. d4 d5 2. c4 e6 3. Nf3 c5 4. cxd5 exd5 5. Nc3 Nc6 6. g3 Nf6 7. Bg2 Be7 8. 0-0 0-0 9. dxc5 Bxc5 10. Bg5 d4 11. Bxf6 Qxf6 12. Nd5 Qd8 13. Nd2 a6 14. Rc1 Ba7 15. Nc4 Re8 16. Qd2 Bg4 17. Rfe1 Rc8 18. a4 a5 19. Nf4 Bc5 20. Nd3 Bf8 21. Bf3 Bh3 22. Red1 Bf5 23. Qf4 1/2-1/2

[Event "Dublin zt"]
[Site "Dublin"]
[Date "1993.??.??"]
[Round "3"]
[White "Dunn, Andrew"]
[Black "Rossiter, Philip J"]
[Result "0-1"]
[WhiteElo "2245"]
[BlackElo "2270"]
[PlyCount "72"]
[EventDate "1993.04.??"]
[EventType "swiss"]
[EventRounds "11"]
[EventCountry "IRL"]
[SourceTitle "CBM 034 Extra"]
[Source "ChessBase"]
[SourceDate "1993.07.01"]
[SourceVersion "1"]
[SourceVersionDate "1993.07.01"]
[SourceQuality "1"]

1. c4 e6 2. Nf3 Nf6 3. d4 Bb4+ 4. Bd2 Qe7 5. Nc3 b6 6. g3 Bb7 7. Bg2 0-0 8. 0-0 Bxc3 9. Bxc3 Ne4 10. Qc2 Nxc3 11. Qxc3 d6 12. e3 Nd7 13. Rad1 Nf6 14. d5 exd5 15. Nh4 Ne4 16. Qc2 dxc4 17. Qxc4 d5 18. Qa4 Rfe8 19. Bxe4 Qxe4 20. Qxe4 Rxe4 21. Rd2 c5 22. Rfd1 Rae8 23. Nf5 R4e6 24. Kf1 h5 25. Nh4 g5 26. Ng2 f6 27. h4 Kg7 28. f4 gxf4 29. gxf4 Kf7 30. Rxd5 Bxd5 31. Rxd5 Rh8 32. Kf2 Ke7 33. f5 Re4 34. Nf4 Rxf4+ 35. exf4 Rd8 36. Rxd8 Kxd8 0-1

[Event "BCF-ch"]
[Site "Dundee"]
[Date "1993.??.??"]
[Round "8"]
[White "James, David J"]
[Black "Rossiter, Philip J"]
[Result "1/2-1/2"]
[WhiteElo "2255"]
[BlackElo "2330"]
[PlyCount "86"]
[EventDate "1993.08.??"]
[EventType "swiss"]
[EventRounds "11"]
[EventCountry "SCO"]
[SourceTitle "TD"]
[Source "ChessBase"]
[SourceDate "1994.03.01"]
[SourceVersion "1"]
[SourceVersionDate "1994.03.01"]
[SourceQuality "1"]

1. d4 Nf6 2. c4 e6 3. Nc3 Bb4 4. Qc2 c5 5. dxc5 0-0 6. a3 Bxc5 7. Nf3 Nc6 8. Bg5 b6 9. e3 Be7 10. Bd3 Kh8 11. 0-0 Bb7 12. Rfd1 Rc8 13. Rac1 Na5 14. Qe2 Nb3 15. Rb1 Nc5 16. Bc2 Nfe4 17. Nxe4 Nxe4 18. Bxe7 Qxe7 19. Rd4 f5 20. Ne1 Rc7 21. f3 Nf6 22. Rdd1 Rfc8 23. Bd3 d5 24. cxd5 Nxd5 25. g3 Qg5 26. Ng2 Qe7 27. Rf1 Nf6 28. Rbd1 Nd7 29. e4 Ne5 30. Bb1 Qf6 31. exf5 exf5 32. Nf4 Re7 33. Nd5 Bxd5 34. Rxd5 Qg6 35. Qf2 Kg8 36. Rfd1 Rce8 37. Ba2 Qc6 38. Qd4 Kf8 39. Kg2 Nf7 40. h4 Re2+ 41. Kh3 Ne5 42. Rd2 Qc1 43. Rxe2 Qh1+ 1/2-1/2

[Event "Isle of Man op"]
[Site "Isle of Man"]
[Date "1993.??.??"]
[Round "?"]
[White "Koshy, Varugeese"]
[Black "Rossiter, Philip J"]
[Result "0-1"]
[WhiteElo "2420"]
[BlackElo "2270"]
[PlyCount "79"]
[EventDate "1993.??.??"]
[EventType "swiss"]
[EventRounds "9"]
[EventCountry "IOM"]
[SourceTitle "EXT 1998"]
[Source "ChessBase"]
[SourceDate "1997.11.17"]
[SourceVersion "1"]
[SourceVersionDate "1997.11.17"]
[SourceQuality "1"]

1. c4 e6 2. Nf3 d5 3. g3 Nf6 4. Bg2 Be7 5. 0-0 0-0 6. b3 c5 7. Bb2 Nc6 8. e3 b6 9. Qe2 Bb7 10. Rd1 Qd7 11. d4 Rfd8 12. Nc3 Qe8 13. cxd5 exd5 14. Ne5 Rac8 15. Rac1 Nb4 16. a3 Nc6 17. Bh3 Ra8 18. Nb5 Ba6 19. a4 Na5 20. Qd3 Bf8 21. f3 Nc6 22. Qb1 Bxb5 23. axb5 Nb4 24. Bf1 Nd7 25. Re1 Rac8 26. Nd3 a5 27. bxa6 Nxa6 28. Nf4 Nb4 29. Bc3 Nf6 30. Nd3 Nc6 31. Ne5 Qe6 32. Bb5 Ne7 33. Kg2 h5 34. Bd3 g6 35. b4 c4 36. Bc2 Bg7 37. h3 Ra8 38. b5 Ne8 39. e4 Bxe5 40. dxe5 0-1

[Event "BCF-ch"]
[Site "Dundee"]
[Date "1993.??.??"]
[Round "2"]
[White "Murugan, Krishnamoorthy"]
[Black "Rossiter, Philip J"]
[Result "1-0"]
[WhiteElo "2430"]
[BlackElo "2330"]
[PlyCount "132"]
[EventDate "1993.08.??"]
[EventType "swiss"]
[EventRounds "11"]
[EventCountry "SCO"]
[SourceTitle "TD"]
[Source "ChessBase"]
[SourceDate "1994.03.01"]
[SourceVersion "1"]
[SourceVersionDate "1994.03.01"]
[SourceQuality "1"]

1. d4 d5 2. c4 e6 3. Nf3 c5 4. cxd5 exd5 5. Bg5 Be7 6. Bxe7 Nxe7 7. dxc5 Na6 8. Nc3 0-0 9. Rc1 Nxc5 10. e3 Be6 11. Nd4 Qb6 12. Rc2 Rfd8 13. Bd3 Nc6 14. Be2 Ne4 15. Nxc6 bxc6 16. 0-0 Nxc3 17. bxc3 c5 18. Rd2 Rab8 19. Qa1 Qc7 20. Rfd1 Qe5 21. Bf3 Qg5 22. Qc1 Bg4 23. Bxg4 Qxg4 24. h3 Qc4 25. Qc2 Rb6 26. e4 d4 27. cxd4 Qxc2 28. Rxc2 cxd4 29. Rxd4 Re8 30. Rd7 g6 31. Rcc7 Rf6 32. f3 a6 33. Re7 Rxe7 34. Rxe7 h5 35. h4 Rc6 36. Ra7 Kg7 37. e5 Kf8 38. Kh2 Re6 39. Kg3 Rxe5 40. Rxa6 Ke7 41. Ra4 Rc5 42. Re4+ Kf6 43. Re1 Ra5 44. Ra1 Ra4 45. a3 Kf5 46. Ra2 f6 47. Ra1 Ke5 48. Re1+ Kf5 49. Re3 Ra5 50. Kf2 Ra4 51. Kg3 Ra7 52. Kh3 Ra8 53. Rb3 Ra7 54. g3 Ra5 55. f4 g5 56. hxg5 fxg5 57. a4 Kg6 58. Rb5 Rxa4 59. Rxg5+ Kh6 60. Kh4 Ra1 61. Rxh5+ Kg6 62. Rb5 Ra6 63. g4 Ra1 64. Rb6+ Kf7 65. Kg5 Ra7 66. f5 Kg7 1-0